300 Biggest World Cities by Population - Statistics

General Stats
  • This quiz has been taken 109 times
    88 since last reset
  • The average score is 211 of 300
Answer Stats
Country City % Correct
United Kingdom London
97%
India Delhi
96%
Russia Moscow
96%
South Korea Seoul
96%
Japan Tokyo
96%
China Beijing
94%
Germany Berlin
94%
Egypt Cairo
94%
Indonesia Jakarta
94%
India Mumbai
94%
United States New York City
94%
Japan Osaka
94%
France Paris
94%
Italy Rome
94%
Australia Sydney
94%
Iran Tehran
94%
Turkey Ankara
93%
Hong Kong Hong Kong
93%
Turkey Istanbul
93%
Nigeria Lagos
93%
Spain Madrid
93%
Philippines Manila
93%
Mexico Mexico City
93%
Italy Milan
93%
Russia Saint Petersburg
93%
Brazil São Paulo
93%
China Shanghai
93%
Netherlands Amsterdam
91%
Greece Athens
91%
Spain Barcelona
91%
Argentina Buenos Aires
91%
United States Chicago
91%
Germany Hamburg
91%
South Africa Johannesburg
91%
Ukraine Kiev
91%
Peru Lima
91%
United States Los Angeles
91%
Australia Melbourne
91%
Brazil Rio de Janeiro
91%
Saudi Arabia Riyadh
91%
Singapore Singapore
91%
Taiwan Taipei
91%
Thailand Bangkok
90%
Colombia Bogota
90%
United States Boston
90%
Hungary Budapest
90%
South Africa Cape Town
90%
Bangladesh Dhaka
90%
Pakistan Karachi
90%
Malaysia Kuala Lumpur
90%
United Kingdom Manchester
90%
Kenya Nairobi
90%
North Korea Pyongyang
90%
Yemen Sana'a
90%
United States San Francisco
90%
Canada Toronto
90%
Iraq Baghdad
88%
United Kingdom Birmingham
88%
Belgium Brussels
88%
United States Dallas
88%
United States Denver
88%
UAE Dubai
88%
China Guangzhou
88%
Vietnam Hanoi
88%
United States Houston
88%
DRC Kinshasa
88%
Canada Montreal
88%
Germany Munich
88%
Chile Santiago
88%
United States Seattle
88%
Sweden Stockholm
88%
Austria Vienna
88%
Poland Warsaw
88%
United States Washington D.C
88%
Australia Brisbane
87%
Venezuela Caracas
87%
Senegal Dakar
87%
Germany Frankfurt
87%
India Kolkata
87%
Italy Naples
87%
United States Philadelphia
87%
United States Phoenix
87%
Israel Tel Aviv
87%
China Wuhan
87%
Ghana Accra
86%
Ethiopia Addis Ababa
86%
United States Atlanta
86%
Vietnam Ho Chi Minh City
86%
Pakistan Islamabad
86%
Afghanistan Kabul
86%
Nepal Kathmandu
86%
Bolivia La Paz
86%
United States Miami
86%
Australia Perth
86%
Canada Vancouver
86%
Nigeria Abuja
84%
Egypt Alexandria
84%
Algeria Algiers
84%
India Bangalore
84%
Brazil Brasilia
84%
India Chennai
84%
Sri Lanka Colombo
84%
Syria Damascus
84%
United States Detroit
84%
Qatar Doha
84%
Sudan Khartoum
84%
Pakistan Lahore
84%
Portugal Lisbon
84%
Ecuador Quito
84%
Tunisia Tunis
84%
Romania Bucharest
83%
Tanzania Dar es Salaam
83%
Mexico Guadalajara
83%
Angola Luanda
83%
Morocco Rabat
83%
Netherlands Rotterdam
83%
Azerbaijan Baku
81%
South Korea Busan
81%
Morocco Casablanca
81%
China Chongqing
81%
Guatemala Guatemala City
81%
Uganda Kampala
81%
Nigeria Kano
81%
Kuwait Kuwait City
81%
Haiti Port-au-Prince
81%
United States Portland
81%
United States San Diego
81%
Cameroon Yaoundé
81%
Ivory Coast Abidjan
80%
Jordan Amman
80%
Madagascar Antananarivo
80%
United States Austin
80%
Mali Bamako
80%
China Chengdu
80%
Cuba Havana
80%
India | Pakistan Hyderabad
80%
Turkey Izmir
80%
United Kingdom Leeds
80%
Saudi Arabia Mecca
80%
Belarus Minsk
80%
Japan Nagoya
80%
Uzbekistan Tashkent
80%
China Xi'an
80%
Kazakhstan Almaty
78%
Paraguay Asuncion
78%
Brazil Belo Horizonte
78%
Republic of The Congo Brazzaville
78%
Palestine Gaza
78%
Zimbabwe Harare
78%
Mexico Monterrey
78%
Cambodia Phnom Penh
78%
United States San Antonio
78%
Japan Sapporo
78%
China Tianjin
78%
India Ahmedabad
77%
South Africa Durban
77%
Saudi Arabia Jeddah
77%
United States Las Vegas
77%
Somalia Mogadishu
77%
Burkina Faso Ouagadougou
77%
Dominican Republic Santo Domingo
77%
United States Charlotte
75%
Guinea Conakry
75%
China Harbin
75%
Zambia Lusaka
75%
United States Minneapolis
75%
United States Tampa
75%
United States Cleveland
74%
Brazil Fortaleza
74%
China Hangzhou
74%
Colombia Medellin
74%
China Nanjing
74%
United States Orlando
74%
China Xiamen
74%
Bangladesh Chittagong
72%
Japan Fukuoka
72%
United States Saint Louis
72%
Brazil Salvador
72%
Myanmar Yangon
72%
United States Cincinnati
71%
Mozambique Maputo
71%
Brazil Porto Alegre
71%
United States Sacramento
71%
Indonesia Surabaya
71%
China Urumqi
71%
Cameroon Douala
70%
Ecuador Guayaquil
70%
United States Jacksonville
70%
India Lucknow
70%
Brazil Manaus
70%
Indonesia Bandung
68%
Colombia Cali
68%
India Jaipur
68%
United States Kansas City
68%
Iran Mashhad
68%
United States Pittsburgh
68%
India Pune
68%
Brazil Recife
68%
Philippines Cebu
67%
Pakistan Faisalabad
67%
Nigeria Ibadan
67%
United States Indianapolis
67%
Iran Isfahan
67%
China Kunming
67%
Indonesia Medan
67%
India Surat
67%
China Fuzhou
65%
United States San Jose
65%
Brazil Belem
64%
China Changsha
64%
Poland Katowice
64%
China Qingdao
64%
Mexico Tijuana
64%
China Dalian
62%
Togo Lome
62%
United States Salt Lake City
62%
China Shenyang
62%
Germany Stuttgart
62%
India Agra
61%
Argentina Curitiba
61%
China Hefei
61%
Mexico Puebla
61%
China Zhengzhou
61%
South Korea Daegu
59%
Venezuela Valencia
59%
Ghana Kumasi
58%
Venezuela Maracaibo
58%
China Nanning
58%
China Ningbo
58%
Colombia Barranquilla
57%
Benin Cotonou
57%
Saudi Arabia Dammam
57%
Nigeria Port Harcourt
57%
Bolivia Santa Cruz
57%
Malaysia George Town
54%
India Kanpur
54%
DRC Lubumbashi
54%
China Shantou
54%
Turkey Bursa
52%
China Jinan
52%
India Nagpur
52%
India Patna
52%
China Taiyuan
52%
Brazil Campinas
49%
Taiwan Kaohsiung
49%
India Indore
48%
China Lanzhou
48%
DRC Mbuji-Mayi
48%
India Bhopal
46%
India Coimbatore
46%
China Shijiazhuang
46%
Mexico Toluca
46%
China Changchun
45%
Mexico Leon
45%
China Wenzhou
45%
China Zibo
43%
Brazil Goiania
42%
Pakistan Peshawar
41%
India Varanasi
41%
China Guiyang
39%
Pakistan Gujranwala
39%
China Haikou
38%
India Visakhapatnam
38%
India Bhilai
36%
China Linyi
35%
China Nanchang
35%
Nigeria Kaduna
33%
Pakistan Multan
33%
India Chandigarh
32%
India Rajkot
32%
China Taichung
32%
India Vadodara
32%
China Xuzhou
32%
China Hohhot
30%
India Ludhiana
30%
Japan Okayama
30%
China Weifang
30%
Indonesia Semarang
29%
China Anshan
28%
China Tangshan
28%
China Luoyang
26%
China Nantong
26%
India Nashik
26%
China Baotou
25%
China Taizhou
25%
China Handan
22%
India Vijayawada
22%
China Yantai
22%
China Baoding
20%
India Bhubaneswar
20%
China Yangzhou
17%
China Liuzhou
16%
China Jiangyin
14%
China Xining
14%
China Xinxiang
14%
China Yiwu
13%
China Yinchuan
12%
China Zhuhai
12%
China Jiaxing
4%
No matching quizzes found
Score Distribution
Percent of People with Each Score
Percentile by Number Answered
Your Score History
You have not taken this quiz since the last reset